| 000 | 00873nam a22002655i 4500 | ||
|---|---|---|---|
| 001 | 22379388 | ||
| 005 | 20240716133654.0 | ||
| 008 | 220111s2022 cau 000 0 eng | ||
| 010 | _a 2022930471 | ||
| 020 | _a9781529780987 | ||
| 020 | _a9781529780994 | ||
| 040 |
_aDLC _beng _erda _cDLC |
||
| 042 | _apcc | ||
| 050 | _aG 155 .H657 2022 | ||
| 100 | 1 |
_aHolloway, J. Christopher, _eauthor. |
|
| 245 | 1 | 4 |
_aThe business of tourism / _cJ. Christopher Holloway, Claire Humphreys. |
| 250 | _aTwelfth. | ||
| 263 | _a2209 | ||
| 300 |
_axvii,607p. _c27cm |
||
| 520 | _a"This is the twelfth edition of 'The Business of Tourism' by J. Christopher Holloway and Claire Humphreys"-- | ||
| 700 | 1 |
_aHumphreys, Claire, _eauthor. |
|
| 906 |
_a0 _bibc _corignew _d2 _eepcn _f20 _gy-gencatlg |
||
| 942 |
_2lcc _cBOOKS _hG 155 .H657 2022 |
||
| 999 |
_c32101 _d32101 |
||